La mort et l'au deláa. (Record no. 107570)

MARC details
000 -LEADER
campo de control de longitud fija 00509nam a2200169 4500
001 - NÚMERO DE CONTROL
campo de control 107570
003 - IDENTIFICADOR DE NÚMERO DE CONTROL
campo de control ES-MaACL
007 - CAMPO FIJO DE DESCRIPCIÓN FÍSICA--INFORMACIÓN GENERAL
campo de control de longitud fija t|
008 - DATOS DE LONGITUD FIJA--INFORMACIÓN GENERAL
campo de control de longitud fija 061121s1954 fr r ||||1| fre d
245 03 - MENCIÓN DEL TÍTULO
Título La mort et l'au deláa.
260 ## - PUBLICACIÓN, DISTRIBUCIÓN, ETC.
Lugar de publicación, distribución, etc. París :
Nombre del editor, distribuidor, etc. Desclée de Brouwer,
Fecha de publicación, distribución, etc. 1954.
300 ## - DESCRIPCIÓN FÍSICA
Extensión 186 p., 5 lám ;
Dimensiones 19 cm.
490 1# - MENCIÓN DE SERIE
Mención de serie Témoignages. Cahiers de la pierre-qui-vire ;
Designación de volumen o secuencia 41
830 0# - PUNTO DE ACCESO ADICIONAL DE SERIE-TÍTULO UNIFORME
Título uniforme Témoignages. Cahiers de la pierre-qui-vire ;
Designación de volumen o secuencia 41
9 (RLIN) 183514
852 ## - LOCALIZACIÓN
Ubicación ES-MaACL
Número de control de estantería E-4887
Holdings
Estatus retirado Estado de pérdida Estado de daño No para préstamo Biblioteca de origen Biblioteca actual Ubicación en estantería Fecha de adquisición Fuente de adquisición Total de préstamos Signatura topográfica completa Código de barras Visto por última vez Precio de reemplazo Tipo de ítem Koha
        Biblioteca del Ateneo de Madrid Biblioteca del Ateneo de Madrid Depósito 2 17/01/2008     E-4887 1112264 23/02/2023 23/02/2023 Libro impreso